[Event "European Team-ch 2007"]
[Site "Crete GRE"]
[Date "2007.11.01"]
[Round "5.8"]
[White "Ruck, Robert"]
[Black "Rasmussen, Karsten"]
[Result "1-0"]
[WhiteElo "2561"]
[BlackElo "2495"]
[PlyCount "201"]
[EventDate "2007.10.28"]
[EventType "team"]
[EventRounds "9"]
[EventCountry "GRE"]
[Source "lmi"]
[SourceDate "2007.10.28"]
[WhiteTeam "Hungary"]
[BlackTeam "Denmark"]
[WhiteTeamCountry "HUN"]
[BlackTeamCountry "DEN"]

1. Nf3 c5 2. c4 Nc6 3. d4 cxd4 4. Nxd4 Nf6 5. Nc3 e6 6. a3 Be7 7. e4 d6 8. Be2
a6 9. Be3 O-O 10. O-O Bd7 11. Rc1 Rc8 12. Nxc6 Bxc6 13. f3 Nd7 14. b4 b6 15.
Qd4 Bb7 16. Rfd1 Rc6 17. Na4 Bg5 18. Qd2 Bxe3+ 19. Qxe3 Qc7 20. c5 dxc5 21. b5
Rd6 22. Rxd6 Qxd6 23. Rd1 Qc7 24. bxa6 Ba8 25. Qd2 Bc6 26. Nc3 Nb8 27. Bb5 Qa7
28. a4 Ba8 29. Qd6 Nxa6 30. a5 Nb4 31. axb6 Qa5 32. Qxc5 h6 33. Rb1 Na6 34. Qd4
Bb7 35. Bf1 Rc8 36. Nb5 Nc5 37. Nd6 Rd8 38. Rb5 Qe1 39. Qxc5 Ba6 40. Qf2 Qxf2+
41. Kxf2 Bxb5 42. Nxb5 Rb8 43. h4 Rxb6 44. h5 Rc6 45. Bd3 Rc5 46. g4 e5 47. Nd6
Rc6 48. Nc4 Rc5 49. Nb6 Rc7 50. Ke3 Kf8 51. Kd2 f6 52. Nd5 Ra7 53. Bc4 Ra4 54.
Bb3 Ra3 55. Kc2 Ra1 56. Ne3 Rh1 57. Kd3 Rb1 58. Bc4 Ra1 59. Nd5 Ra3+ 60. Nc3
Ra1 61. Bb3 Ra3 62. Ba2 Ra8 63. Bc4 Ra3 64. Kc2 Ra8 65. Nb5 Ke7 66. Nc7 Rc8 67.
Nd5+ Kf8 68. Kc3 Ra8 69. Nc7 Ra3+ 70. Bb3 Ra1 71. Ne6+ Kf7 72. Bd5 Kg8 73. Kc4
Rc1+ 74. Kb5 Rc3 75. Kb4 Rc1 76. Kb5 Rc3 77. Kb6 Kh8 78. f4 exf4 79. Nxf4 Rc1
80. Ng6+ Kh7 81. Nf8+ Kh8 82. Ng6+ Kh7 83. Ne7 Rc3 84. Bc6 Rg3 85. Bd7 Rc3 86.
Bc6 Rg3 87. Kc7 Rxg4 88. Be8 Kh8 89. Bg6 Rg1 90. Kd7 Ra1 91. Ke8 Ra8+ 92. Kf7
Ra7 93. Bf5 Rb7 94. Be6 Ra7 95. Bd5 Kh7 96. Kf8 Rxe7 97. Kxe7 Kh8 98. Kf8 Kh7
99. Bf7 Kh8 100. Bg6 f5 101. Bxf5 1-0

[Event "European Team-ch 2007"]
[Site "Crete GRE"]
[Date "2007.11.01"]
[Round "5.9"]
[White "Ivanisevic, Ivan"]
[Black "Socko, Bartosz"]
[Result "0-1"]
[WhiteElo "2607"]
[BlackElo "2646"]
[PlyCount "106"]
[EventDate "2007.10.28"]
[EventType "team"]
[EventRounds "9"]
[EventCountry "GRE"]
[Source "lmi"]
[SourceDate "2007.10.28"]
[WhiteTeam "SRB"]
[BlackTeam "Poland"]
[BlackTeamCountry "POL"]

1. d4 Nf6 2. c4 e6 3. Nf3 b6 4. g3 Ba6 5. Nbd2 Bb4 6. Qc2 O-O 7. Bg2 d5 8. O-O
c5 9. dxc5 Bxc5 10. a3 Nbd7 11. Qa4 Qc8 12. b4 Bd6 13. Nd4 Bxc4 14. Bb2 Qa6 15.
Qc6 Be5 16. Nxc4 Bxd4 17. b5 Qa4 18. Bxd4 Rac8 19. Qd6 Qxc4 20. e3 Qxb5 21. a4
Qc6 22. Qxc6 Rxc6 23. Rfc1 Rfc8 24. Rxc6 Rxc6 25. a5 h5 26. Bf1 e5 27. Bb2 g6
28. Bd3 Nc5 29. Bb5 Re6 30. Bf1 Nfd7 31. Rd1 Rd6 32. Bh3 f5 33. axb6 axb6 34.
Bg2 e4 35. Ra1 Nd3 36. Bd4 N7e5 37. Rb1 Rc6 38. h3 Nf3+ 39. Bxf3 exf3 40. Rd1
Rc1 41. Rxc1 Nxc1 42. Bxb6 g5 43. Bd8 g4 44. h4 Nd3 45. Kf1 Kf7 46. Bb6 Ke6 47.
Bd4 Kd7 48. Bf6 Kc6 49. Bd4 Kb5 50. Bf6 Kc4 51. Bg7 Kb3 52. Bf6 Kc2 53. Bd4 Kd1
0-1

[Event "European Team-ch 2007"]
[Site "Crete GRE"]
[Date "2007.11.01"]
[Round "5.9"]
[White "Gajewski, Grzegorz"]
[Black "Damljanovic, Branko"]
[Result "1-0"]
[WhiteElo "2573"]
[BlackElo "2608"]
[PlyCount "109"]
[EventDate "2007.10.28"]
[EventType "team"]
[EventRounds "9"]
[EventCountry "GRE"]
[Source "lmi"]
[SourceDate "2007.10.28"]
[WhiteTeam "Poland"]
[BlackTeam "SRB"]
[WhiteTeamCountry "POL"]

1. d4 Nf6 2. c4 g6 3. g3 Bg7 4. Bg2 O-O 5. Nc3 d6 6. Nf3 c6 7. O-O Qb6 8. e4
Bg4 9. h3 Bxf3 10. Bxf3 Nfd7 11. Be3 Qxb2 12. Na4 Qb4 13. Rb1 Qxc4 14. Be2 Qe6
15. Rxb7 Nf6 16. Nc3 Re8 17. Rc7 Nbd7 18. Rxc6 Rac8 19. Kg2 Rxc6 20. d5 Qe5 21.
dxc6 Qxc3 22. cxd7 Nxd7 23. Qa4 Rd8 24. Qxa7 Qc6 25. Rc1 Qxe4+ 26. Bf3 Qe6 27.
Qc7 Rf8 28. a4 Ne5 29. Bb7 d5 30. a5 Nd3 31. Rd1 Qe4+ 32. Kg1 e6 33. Qc2 Qb4
34. a6 d4 35. Rb1 Qc5 36. Qxc5 Nxc5 37. Bf4 Nxa6 38. Bxa6 h5 39. Bd6 Rd8 40.
Rb8 Rxb8 41. Bxb8 e5 42. Bd6 f5 43. Bc4+ Kh7 44. f3 Bf6 45. Kf2 h4 46. g4 Kh6
47. Bd3 Kg5 48. Bb4 Bd8 49. Bd2+ Kf6 50. Ke2 e4 51. fxe4 fxg4 52. hxg4 g5 53.
Kf3 Bc7 54. e5+ Bxe5 55. Bf1 1-0

[Event "European Team-ch 2007"]
[Site "Crete GRE"]
[Date "2007.11.01"]
[Round "5.9"]
[White "Bartel, Mateusz"]
[Black "Sedlak, Nikola"]
[Result "1-0"]
[WhiteElo "2608"]
[BlackElo "2605"]
[PlyCount "133"]
[EventDate "2007.10.28"]
[EventType "team"]
[EventRounds "9"]
[EventCountry "GRE"]
[Source "lmi"]
[SourceDate "2007.10.28"]
[WhiteTeam "Poland"]
[BlackTeam "SRB"]
[WhiteTeamCountry "POL"]

1. d4 d5 2. c4 c6 3. Nf3 Nf6 4. e3 Bg4 5. h3 Bxf3 6. Qxf3 e6 7. Nc3 Nbd7 8. Bd2
Bb4 9. Bd3 O-O 10. a3 Bd6 11. g4 dxc4 12. Bxc4 Nd5 13. Ne4 Be7 14. Ng3 N5b6 15.
Ba2 c5 16. Qxb7 cxd4 17. exd4 Bh4 18. Qf3 Rc8 19. Bb4 Be7 20. Bxe7 Qxe7 21. O-O
Nf6 22. Rac1 Qd7 23. Ne2 Qb5 24. b4 h5 25. Rc5 hxg4 26. hxg4 Qd7 27. Kg2 Nfd5
28. Rh1 f5 29. g5 Kf7 30. Rh7 Ke8 31. Rxc8+ Qxc8 32. Nf4 Nxf4+ 33. Qxf4 Qc6+
34. Kh2 Nd7 35. Qe3 Kd8 36. Qxe6 Qc2 37. Kg2 Qd1 38. Qe3 Qg4+ 39. Qg3 Qxd4 40.
Qf3 f4 41. Be6 Qe5 42. Bg4 Qxg5 43. Rh5 Qg6 44. Rd5 Rf7 45. Rd4 Kc7 46. Rxf4
Rxf4 47. Qxf4+ Kb7 48. Qg3 Nf8 49. a4 Qf6 50. Bf3+ Kc8 51. Qg4+ Kd8 52. Qc4 Ng6
53. Qd5+ Ke7 54. Qb7+ Kd6 55. Qc6+ Ke7 56. Qc7+ Kf8 57. Qb8+ Kf7 58. Bd5+ Ke7
59. Qc7+ Kf8 60. Qb8+ Ke7 61. Qxa7+ Kd6 62. Qc5+ Kd7 63. Be4 Nf4+ 64. Kf3 Nd5+
65. Ke2 Nf4+ 66. Ke3 Ne6 67. Bf5 1-0

[Event "European Team-ch 2007"]
[Site "Crete GRE"]
[Date "2007.11.01"]
[Round "5.10"]
[White "Georgiev, Vladimir"]
[Black "Kozul, Zdenko"]
[Result "1-0"]
[WhiteElo "2576"]
[BlackElo "2609"]
[PlyCount "69"]
[EventDate "2007.10.28"]
[EventType "team"]
[EventRounds "9"]
[EventCountry "GRE"]
[Source "lmi"]
[SourceDate "2007.10.28"]
[WhiteTeam "Former Yugoslav Republic of Macedonia"]
[BlackTeam "Croatia"]
[WhiteTeamCountry "FRM"]
[BlackTeamCountry "CRO"]

1. d4 Nf6 2. c4 g6 3. Nc3 Bg7 4. e4 d6 5. Bd3 Nc6 6. Nge2 Nd7 7. Bc2 O-O 8. O-O
a6 9. Be3 Rb8 10. Rc1 Na5 11. b3 c5 12. Qd2 b5 13. cxb5 axb5 14. dxc5 Nxc5 15.
Rfd1 Ba6 16. Nd5 b4 17. Nd4 Bb7 18. Bb1 Bxd5 19. exd5 Qd7 20. Qe2 Qb7 21. Qf3
Rfc8 22. Nf5 gxf5 23. Qxf5 e5 24. dxe6 Nxe6 25. Rxc8+ Rxc8 26. Qxa5 Be5 27. Bd2
Rb8 28. Re1 Nd4 29. Be4 Qc8 30. Qa7 Rb5 31. h3 Qd8 32. Bh6 Ra5 33. Qb7 Rxa2 34.
Bd5 Ne6 35. Bxe6 1-0

[Event "European Team-ch 2007"]
[Site "Crete GRE"]
[Date "2007.11.01"]
[Round "5.10"]
[White "Palac, Mladen"]
[Black "Mitkov, Nikola"]
[Result "1-0"]
[WhiteElo "2567"]
[BlackElo "2528"]
[PlyCount "57"]
[EventDate "2007.10.28"]
[EventType "team"]
[EventRounds "9"]
[EventCountry "GRE"]
[Source "lmi"]
[SourceDate "2007.10.28"]
[WhiteTeam "Croatia"]
[BlackTeam "Former Yugoslav Republic of Macedonia"]
[WhiteTeamCountry "CRO"]
[BlackTeamCountry "FRM"]

1. e4 e5 2. Nf3 Nc6 3. Bb5 Nf6 4. d3 Bc5 5. Nc3 O-O 6. Bg5 h6 7. Bh4 d6 8. Qd2
Kh7 9. Nd5 Rg8 10. Nxf6+ gxf6 11. c3 Bg4 12. Bxc6 bxc6 13. d4 exd4 14. Nxd4 Bd7
15. f3 Rg6 16. O-O-O Qc8 17. g4 Qa6 18. Kb1 Rb8 19. Ka1 Bb6 20. h3 Bxd4 21.
cxd4 Rb5 22. f4 Rg8 23. Bxf6 Be6 24. d5 cxd5 25. f5 Bd7 26. exd5 Ra5 27. a3 Rb8
28. Qd3 Bb5 29. Qb3 1-0

[Event "European Team-ch 2007"]
[Site "Crete GRE"]
[Date "2007.11.01"]
[Round "5.10"]
[White "Nedev, Trajce"]
[Black "Brkic, Ante"]
[Result "1/2-1/2"]
[WhiteElo "2528"]
[BlackElo "2577"]
[PlyCount "45"]
[EventDate "2007.10.28"]
[EventType "team"]
[EventRounds "9"]
[EventCountry "GRE"]
[Source "lmi"]
[SourceDate "2007.10.28"]
[WhiteTeam "Former Yugoslav Republic of Macedonia"]
[BlackTeam "Croatia"]
[WhiteTeamCountry "FRM"]
[BlackTeamCountry "CRO"]

1. e4 c5 2. Nf3 d6 3. d4 cxd4 4. Nxd4 Nf6 5. Nc3 a6 6. Be3 e5 7. Nb3 Be6 8. Qd2
Nbd7 9. f3 Be7 10. g4 O-O 11. g5 Nh5 12. O-O-O Nb6 13. Kb1 Qc7 14. Qf2 Nc4 15.
Bxc4 Qxc4 16. Na5 Qc7 17. Bb6 Qd7 18. Qd2 Rac8 19. Rhg1 g6 20. Be3 Rc7 21. Bb6
Rcc8 22. Be3 Rc7 23. Bb6 1/2-1/2

[Event "European Team-ch 2007"]
[Site "Crete GRE"]
[Date "2007.11.01"]
[Round "5.10"]
[White "Jankovic, Alojzije"]
[Black "Colovic, Aleksandar"]
[Result "1/2-1/2"]
[WhiteElo "2548"]
[BlackElo "2477"]
[PlyCount "45"]
[EventDate "2007.10.28"]
[EventType "team"]
[EventRounds "9"]
[EventCountry "GRE"]
[Source "lmi"]
[SourceDate "2007.10.28"]
[WhiteTeam "Croatia"]
[BlackTeam "Former Yugoslav Republic of Macedonia"]
[WhiteTeamCountry "CRO"]
[BlackTeamCountry "FRM"]

1. d4 d5 2. c4 c6 3. Nc3 Nf6 4. Nf3 e6 5. e3 Nbd7 6. Bd3 dxc4 7. Bxc4 b5 8. Bd3
Bb7 9. e4 b4 10. Na4 c5 11. e5 Nd5 12. O-O h6 13. Bd2 Rc8 14. Qe2 Qa5 15. Nxc5
Nxc5 16. dxc5 Bxc5 17. h4 Qb6 18. h5 Ne7 19. a3 b3 20. Bf4 O-O 21. Nd2 Rfd8 22.
Ne4 Nf5 23. Nxc5 1/2-1/2

[Event "European Team-ch 2007"]
[Site "Crete GRE"]
[Date "2007.11.01"]
[Round "5.11"]
[White "Lie, Kjetil A"]
[Black "Sepp, Olav"]
[Result "1-0"]
[WhiteElo "2563"]
[BlackElo "2457"]
[PlyCount "213"]
[EventDate "2007.10.28"]
[EventType "team"]
[EventRounds "9"]
[EventCountry "GRE"]
[Source "lmi"]
[SourceDate "2007.10.28"]
[WhiteTeam "Norway"]
[BlackTeam "Estonia"]
[WhiteTeamCountry "NOR"]
[BlackTeamCountry "EST"]

1. d4 Nf6 2. c4 g6 3. Nc3 Bg7 4. e4 d6 5. f3 O-O 6. Be3 c5 7. Nge2 Nc6 8. d5
Ne5 9. Ng3 e6 10. Be2 exd5 11. cxd5 a6 12. a4 h5 13. O-O Nh7 14. Qd2 h4 15. Nh1
f5 16. Nf2 Re8 17. Rae1 Bd7 18. Kh1 b5 19. f4 Nf7 20. axb5 axb5 21. exf5 gxf5
22. Nxb5 Qb6 23. Nc3 Rab8 24. Nfd1 Nf6 25. Bd3 Qb4 26. Bf2 h3 27. Be3 Qb7 28.
Bc2 Kh8 29. Rf3 hxg2+ 30. Qxg2 Nh6 31. Rg1 Rg8 32. Rg3 Be8 33. Qh3 Bh5 34. Bxf5
Nxf5 35. Qxf5 Qf7 36. Rh3 Bh6 37. Ne4 Rxg1+ 38. Kxg1 Nxe4 39. Qxh5 Qxh5 40.
Rxh5 Kg7 41. Rh3 Nf6 42. Rg3+ Kf7 43. f5 Bg7 44. Bf4 Nh5 45. Bxd6 Rd8 46. Rg6
Bf6 47. Rh6 Rxd6 48. Rxh5 Rxd5 49. Ne3 Bd4 50. Kf2 Re5 51. Rh3 Rxf5+ 52. Ke2
Rg5 53. b3 Ke6 54. Rh6+ Kd7 55. Nc4 Rg1 56. Kd3 Rb1 57. Na5 Be5 58. Kc4 Bd6 59.
h4 Be7 60. h5 Rh1 61. Kb5 Rh3 62. Rh7 Ke8 63. Kc4 Bf8 64. Nc6 Re3 65. Rb7 Rh3
66. Rh7 Re3 67. Rb7 Rh3 68. Rb8+ Kf7 69. Ne5+ Kg7 70. Rb7+ Kh6 71. Ng6 Bg7 72.
Rb6 Rc3+ 73. Kd5 Kxh5 74. Nf4+ Kg4 75. Ne2 Rd3+ 76. Ke4 Rd7 77. Rg6+ Kh4 78.
Nf4 Rb7 79. Ng2+ Kh5 80. Nf4+ Kh4 81. Rg1 Bd4 82. Rb1 Kg4 83. Ne6 Bf2 84. Kd5
Rd7+ 85. Kc4 Rd2 86. Rc1 Rb2 87. Rc3 Be1 88. Re3 Bf2 89. Re5 Rc2+ 90. Kd3 Rc1
91. Kd2 Rb1 92. Kc2 Re1 93. Rg5+ Kh4 94. Rf5 Rxe6 95. Rxf2 Kg4 96. Kc3 Re1 97.
Rc2 Kf5 98. Kc4 Rb1 99. Rc3 Ke6 100. Kxc5 Kd7 101. Kb5 Rg1 102. b4 Rg6 103. Ka5
Rg8 104. b5 Rc8 105. Rxc8 Kxc8 106. Ka6 Kb8 107. Kb6 1-0

[Event "European Team-ch 2007"]
[Site "Crete GRE"]
[Date "2007.11.01"]
[Round "5.11"]
[White "Lauk, Ular"]
[Black "Lie, Espen"]
[Result "1/2-1/2"]
[WhiteElo "2414"]
[BlackElo "2421"]
[PlyCount "98"]
[EventDate "2007.10.28"]
[EventType "team"]
[EventRounds "9"]
[EventCountry "GRE"]
[Source "lmi"]
[SourceDate "2007.10.28"]
[WhiteTeam "Estonia"]
[BlackTeam "Norway"]
[WhiteTeamCountry "EST"]
[BlackTeamCountry "NOR"]

1. e4 e5 2. Nf3 Nc6 3. Bb5 a6 4. Ba4 Nf6 5. O-O Be7 6. Re1 b5 7. Bb3 d6 8. c3
O-O 9. h3 Nd7 10. d4 Bf6 11. a4 Bb7 12. d5 Ne7 13. axb5 axb5 14. Rxa8 Qxa8 15.
Na3 Ba6 16. Be3 Nc5 17. Bc2 c6 18. b4 Nd7 19. c4 cxd5 20. cxd5 Qb7 21. Bd3 Rc8
22. Qd2 Nb6 23. Rc1 g6 24. Rxc8+ Nexc8 25. Qc2 Na7 26. Nd2 Bd8 27. Nb3 Nbc8 28.
Qc3 Qd7 29. Nc2 f5 30. f4 exf4 31. Bxf4 fxe4 32. Bxe4 Qc7 33. Nc5 Bb7 34. Qe3
Qb6 35. Bxg6 Bxd5 36. Bh5 dxc5 37. Qe8+ Kg7 38. Be5+ Bf6 39. Qd7+ Kh8 40. Qxd5
cxb4+ 41. Nd4 Ne7 42. Qe4 Ng8 43. Bf7 Bxe5 44. Qxe5+ Qf6 45. Qxf6+ Nxf6 46. Kf2
Kg7 47. Bb3 Ne4+ 48. Ke3 Nc5 49. Bc2 Na4 1/2-1/2

[Event "European Team-ch 2007"]
[Site "Crete GRE"]
[Date "2007.11.01"]
[Round "5.11"]
[White "Hammer, Jon Ludvig"]
[Black "Liiva, Riho"]
[Result "1/2-1/2"]
[WhiteElo "2402"]
[BlackElo "2442"]
[PlyCount "106"]
[EventDate "2007.10.28"]
[EventType "team"]
[EventRounds "9"]
[EventCountry "GRE"]
[Source "lmi"]
[SourceDate "2007.10.28"]
[WhiteTeam "Norway"]
[BlackTeam "Estonia"]
[WhiteTeamCountry "NOR"]
[BlackTeamCountry "EST"]

1. e4 e5 2. Nf3 Nf6 3. d4 exd4 4. e5 Ne4 5. Qxd4 d5 6. exd6 Nxd6 7. Nc3 Nc6 8.
Qf4 g6 9. Be3 Bg7 10. O-O-O O-O 11. Nd5 Be6 12. Be2 Re8 13. a3 Bxd5 14. Rxd5
Qc8 15. Qa4 Nf5 16. Rhd1 Rxe3 17. fxe3 Nxe3 18. Bc4 Nxd1 19. Rxd1 Qf5 20. Rd5
Qf6 21. c3 Rd8 22. Qb5 Rxd5 23. Qxd5 Qe7 24. Kc2 Nd8 25. Qd3 Bf6 26. Qe2 Qc5
27. Qe4 Qf2+ 28. Qe2 Qc5 29. Qe4 Kg7 30. Qd5 Qe7 31. Nd2 Be5 32. Nf3 Bf6 33.
Nd2 c6 34. Qe4 Qd6 35. Nf3 b5 36. Bf1 Ne6 37. Qd3 Qe7 38. Qe4 Qc5 39. Bd3 a5
40. Kb1 Qd6 41. Bc2 Nf4 42. g4 Nd5 43. g5 Bxc3 44. Bb3 f6 45. Qe8 Be5 46. h4 a4
47. h5 gxh5 48. Nh4 Qf8 49. Nf5+ Kg8 50. Nh6+ Kg7 51. Nf5+ Kg8 52. Nh6+ Kg7 53.
Nf5+ Kg8 1/2-1/2

[Event "European Team-ch 2007"]
[Site "Crete GRE"]
[Date "2007.11.01"]
[Round "5.12"]
[White "Halkias, Stelios"]
[Black "Godena, Michele"]
[Result "1-0"]
[WhiteElo "2590"]
[BlackElo "2535"]
[PlyCount "77"]
[EventDate "2007.10.28"]
[EventType "team"]
[EventRounds "9"]
[EventCountry "GRE"]
[Source "lmi"]
[SourceDate "2007.10.28"]
[WhiteTeam "Greece"]
[BlackTeam "Italy"]
[WhiteTeamCountry "GRE"]
[BlackTeamCountry "ITA"]

1. d4 d5 2. c4 c6 3. Nc3 Nf6 4. Nf3 e6 5. Bg5 h6 6. Bxf6 Qxf6 7. Qc2 Nd7 8. e4
dxc4 9. Bxc4 e5 10. O-O Be7 11. d5 O-O 12. dxc6 bxc6 13. Nd1 Bc5 14. Ne3 Bb6
15. Rfe1 Rd8 16. Rac1 Nf8 17. Bb3 Bd7 18. Nf5 Be8 19. Qc3 Ng6 20. g3 a5 21.
Red1 a4 22. Bc2 Ra5 23. Rxd8 Qxd8 24. Rd1 Qc7 25. Qd2 Ra8 26. h4 Nf8 27. Qc3 f6
28. Kg2 Kh7 29. h5 Bf7 30. Rd6 Bxa2 31. Rxc6 Qa7 32. N3h4 Bf7 33. Nxg7 Kxg7 34.
Nf5+ Kh8 35. Qd2 Nh7 36. Qxh6 Rg8 37. Rxf6 Rg5 38. Rxb6 Rxh5 39. Qg7# 1-0

[Event "European Team-ch 2007"]
[Site "Crete GRE"]
[Date "2007.11.01"]
[Round "5.12"]
[White "Mastrovasilis, Dimitrios"]
[Black "D'amore, Carlo"]
[Result "1-0"]
[WhiteElo "2559"]
[BlackElo "2477"]
[PlyCount "69"]
[EventDate "2007.10.28"]
[EventType "team"]
[EventRounds "9"]
[EventCountry "GRE"]
[Source "lmi"]
[SourceDate "2007.10.28"]
[WhiteTeam "Greece"]
[BlackTeam "Italy"]
[WhiteTeamCountry "GRE"]
[BlackTeamCountry "ITA"]

1. e4 e5 2. Nf3 Nc6 3. Bb5 Nf6 4. O-O Nxe4 5. d4 Nd6 6. Bxc6 dxc6 7. dxe5 Nf5
8. Qxd8+ Kxd8 9. Nc3 Ne7 10. h3 Ng6 11. Bg5+ Ke8 12. Rad1 Be7 13. Bxe7 Kxe7 14.
Nd4 Rd8 15. f4 c5 16. Nde2 Rxd1 17. Rxd1 c6 18. Ne4 Bf5 19. Nd6 Bxc2 20. Rd2
Ba4 21. Nxb7 Bb5 22. g3 h5 23. Nc3 h4 24. Nxc5 hxg3 25. Rd7+ Kf8 26. e6 Bc4 27.
Rxf7+ Kg8 28. f5 Nh4 29. b3 Bd5 30. Nxd5 cxd5 31. f6 gxf6 32. Nd7 Nf3+ 33. Kg2
Ng5 34. Nxf6+ Kh8 35. Rc7 1-0

[Event "European Team-ch 2007"]
[Site "Crete GRE"]
[Date "2007.11.01"]
[Round "5.12"]
[White "Manca, Federico"]
[Black "Papaioannou, Ioannis"]
[Result "0-1"]
[WhiteElo "2405"]
[BlackElo "2573"]
[PlyCount "76"]
[EventDate "2007.10.28"]
[EventType "team"]
[EventRounds "9"]
[EventCountry "GRE"]
[Source "lmi"]
[SourceDate "2007.10.28"]
[WhiteTeam "Italy"]
[BlackTeam "Greece"]
[WhiteTeamCountry "ITA"]
[BlackTeamCountry "GRE"]

1. e4 c6 2. d4 d5 3. Nc3 dxe4 4. Nxe4 Nd7 5. Ng5 Ngf6 6. Bd3 e6 7. N1f3 Bd6 8.
Qe2 h6 9. Ne4 Nxe4 10. Qxe4 Nf6 11. Qe2 Qc7 12. Bd2 b6 13. O-O-O Bb7 14. Ne5 c5
15. Bb5+ Ke7 16. dxc5 bxc5 17. Bf4 Rhd8 18. Rhe1 Kf8 19. h4 Ne4 20. Rxd6 Rxd6
21. Qe3 Qe7 22. Bd3 Rd4 23. c3 Rxd3 24. Nxd3 Qxh4 25. Nxc5 Nxc5 26. Qxc5+ Kg8
27. g3 Qg4 28. Rd1 Be4 29. b3 a5 30. Qd4 Bg6 31. Kb2 a4 32. bxa4 Qf5 33. Rc1
Kh7 34. Qe5 Qd3 35. a5 Ra7 36. Be3 Qe2+ 37. Ka3 f6 38. Qc5 Rb7 0-1

[Event "European Team-ch 2007"]
[Site "Crete GRE"]
[Date "2007.11.01"]
[Round "5.13"]
[White "Jobava, Baadur"]
[Black "Winants, Luc"]
[Result "1-0"]
[WhiteElo "2644"]
[BlackElo "2504"]
[PlyCount "105"]
[EventDate "2007.10.28"]
[EventType "team"]
[EventRounds "9"]
[EventCountry "GRE"]
[Source "lmi"]
[SourceDate "2007.10.28"]
[WhiteTeam "Georgia"]
[BlackTeam "Belgium"]
[WhiteTeamCountry "GEO"]
[BlackTeamCountry "BEL"]

1. d4 Nf6 2. c4 e6 3. Nf3 Bb4+ 4. Bd2 c5 5. Bxb4 cxb4 6. a3 bxa3 7. Nxa3 O-O 8.
e3 d6 9. b4 Nc6 10. Nc2 Qc7 11. Be2 e5 12. O-O Bf5 13. b5 Ne7 14. Nb4 Rfe8 15.
Qb3 Ng6 16. Ra2 h5 17. Rfa1 Qb6 18. h3 e4 19. Nd2 Nh4 20. Qd1 g5 21. g3 Ng6 22.
Bf1 Kg7 23. Nb3 g4 24. h4 Nh7 25. Nd5 Qd8 26. Qe1 Nxh4 27. gxh4 Nf8 28. Nf4
Qxh4 29. f3 Qxe1 30. Rxe1 exf3 31. Nxh5+ Kg6 32. Ng3 Kg5 33. c5 Be6 34. Ra3
Bxb3 35. Rxb3 dxc5 36. dxc5 f5 37. c6 Ne6 38. cxb7 Rab8 39. Rd3 Rxb7 40. Rd5
Ng7 41. Bd3 Rf7 42. Kf2 Ree7 43. Rh1 Rd7 44. Ne4+ Kg6 45. Nd6 Rf8 46. e4 Kg5
47. exf5 Kf4 48. Rd4+ Ke5 49. Rxg4 Kxd6 50. Rd4+ Kc7 51. Rxd7+ Kxd7 52. Rh7 Rf7
53. f6 1-0

[Event "European Team-ch 2007"]
[Site "Crete GRE"]
[Date "2007.11.01"]
[Round "5.13"]
[White "Polaczek, Richard"]
[Black "Gelashvili, Tamaz"]
[Result "0-1"]
[WhiteElo "2425"]
[BlackElo "2623"]
[PlyCount "102"]
[EventDate "2007.10.28"]
[EventType "team"]
[EventRounds "9"]
[EventCountry "GRE"]
[Source "lmi"]
[SourceDate "2007.10.28"]
[WhiteTeam "Belgium"]
[BlackTeam "Georgia"]
[WhiteTeamCountry "BEL"]
[BlackTeamCountry "GEO"]

1. d4 e6 2. Nf3 Nf6 3. g3 b5 4. Bg2 Bb7 5. O-O Be7 6. Bg5 Na6 7. c3 c5 8. Nbd2
O-O 9. e3 h6 10. Bxf6 Bxf6 11. Ne1 d5 12. Nc2 Qb6 13. b4 c4 14. a4 bxa4 15.
Rxa4 Nc7 16. Qa1 a6 17. e4 Rad8 18. e5 Be7 19. f4 f6 20. Nf3 Bc6 21. Ra5 Be8
22. Ne3 Bg6 23. exf6 Bxf6 24. Ng4 Be7 25. Nfe5 Bf5 26. Ne3 Bh7 27. Qa4 Qd6 28.
Rc5 Bf6 29. Bh3 Rfe8 30. Rc6 Qe7 31. Qa5 Rc8 32. Qc5 Qxc5 33. bxc5 Be4 34. Nd7
Bd8 35. Ra1 Ra8 36. Nb6 Rb8 37. Rd6 Bf6 38. Ng4 Be7 39. Rd7 Nb5 40. Ne5 Bf6 41.
Rc1 Bd8 42. Nc6 Bxb6 43. Nxb8 Ba5 44. Nxa6 Bxc3 45. Rxc3 Nxc3 46. c6 Nb5 47. c7
c3 48. Re7 Rc8 49. Rxe6 Nxd4 50. Rxe4 c2 51. Re1 Rxc7 0-1

[Event "European Team-ch 2007"]
[Site "Crete GRE"]
[Date "2007.11.01"]
[Round "5.13"]
[White "Arutinian, David"]
[Black "Laurent, Bruno"]
[Result "1-0"]
[WhiteElo "2574"]
[BlackElo "2359"]
[PlyCount "63"]
[EventDate "2007.10.28"]
[EventType "team"]
[EventRounds "9"]
[EventCountry "GRE"]
[Source "lmi"]
[SourceDate "2007.10.28"]
[WhiteTeam "Georgia"]
[BlackTeam "Belgium"]
[WhiteTeamCountry "GEO"]
[BlackTeamCountry "BEL"]

1. d4 Nf6 2. c4 g6 3. Nc3 Bg7 4. e4 d6 5. Nf3 O-O 6. h3 e5 7. d5 a5 8. Bg5 Na6
9. Nd2 Qe8 10. Be2 Nd7 11. Nb3 b6 12. h4 Ndc5 13. Nxc5 Nxc5 14. h5 f5 15. Bf3
fxe4 16. Nxe4 Bf5 17. Qe2 Qa4 18. Kf1 Qb4 19. Nxc5 bxc5 20. g4 Bc2 21. Qxc2
Rxf3 22. Kg2 Raf8 23. Be3 e4 24. hxg6 hxg6 25. Qxe4 Qxb2 26. Raf1 Qe2 27. Qe6+
R8f7 28. Qe8+ Bf8 29. Rh8+ Kxh8 30. Bd4+ cxd4 31. Qxe2 d3 32. Qxf3 1-0

[Event "European Team-ch 2007"]
[Site "Crete GRE"]
[Date "2007.11.01"]
[Round "5.14"]
[White "Naiditsch, Arkadij"]
[Black "Nyback, Tomi"]
[Result "1/2-1/2"]
[WhiteElo "2639"]
[BlackElo "2565"]
[PlyCount "111"]
[EventDate "2007.10.28"]
[EventType "team"]
[EventRounds "9"]
[EventCountry "GRE"]
[Source "lmi"]
[SourceDate "2007.10.28"]
[WhiteTeam "Germany"]
[BlackTeam "Finland"]
[WhiteTeamCountry "GER"]
[BlackTeamCountry "FIN"]

1. d4 Nf6 2. c4 c5 3. Nf3 cxd4 4. Nxd4 e5 5. Nb5 d5 6. cxd5 Bc5 7. e3 O-O 8.
N5c3 Bf5 9. a3 Nbd7 10. Nd2 e4 11. b4 Bd6 12. Nc4 Ne5 13. Nxd6 Qxd6 14. Qd4 a6
15. Bb2 Rfe8 16. Be2 Rac8 17. h3 b5 18. O-O Nc4 19. Bc1 Red8 20. Rd1 Nb6 21.
Bb2 Nbxd5 22. Nxd5 Qxd5 23. Qb6 Qa8 24. Bxf6 gxf6 25. Qxf6 Be6 26. h4 Rd5 27.
g4 Qc6 28. h5 Qc3 29. Qxc3 Rxc3 30. Rxd5 Bxd5 31. Kg2 Kg7 32. a4 Bc4 33. Bxc4
Rxc4 34. axb5 axb5 35. Kg3 Rxb4 36. Ra2 Rc4 37. Ra7 h6 38. Rb7 Rb4 39. Rd7 Rc4
40. Rd5 b4 41. Rb5 Kf6 42. Rb7 Kg7 43. Rb6 Kh7 44. Rf6 Kg7 45. Rf5 Rc6 46. Rb5
Rc4 47. g5 hxg5 48. Rxg5+ Kh6 49. Rb5 f6 50. Kg2 Kg7 51. Kh2 Rc2 52. Kg3 Rb2
53. Rb6 b3 54. Rb5 Kh6 55. Rf5 Rc2 56. Rxf6+ 1/2-1/2

[Event "European Team-ch 2007"]
[Site "Crete GRE"]
[Date "2007.11.01"]
[Round "5.14"]
[White "Agopov, Mikael"]
[Black "Gustafsson, Jan"]
[Result "1/2-1/2"]
[WhiteElo "2440"]
[BlackElo "2606"]
[PlyCount "62"]
[EventDate "2007.10.28"]
[EventType "team"]
[EventRounds "9"]
[EventCountry "GRE"]
[Source "lmi"]
[SourceDate "2007.10.28"]
[WhiteTeam "Finland"]
[BlackTeam "Germany"]
[WhiteTeamCountry "FIN"]
[BlackTeamCountry "GER"]

1. e4 e5 2. Nf3 Nc6 3. Bb5 a6 4. Ba4 Nf6 5. O-O Be7 6. Re1 b5 7. Bb3 O-O 8. c3
d5 9. exd5 Nxd5 10. Nxe5 Nxe5 11. Rxe5 c6 12. d3 Bd6 13. Re1 Bf5 14. Qf3 Qh4
15. g3 Qh3 16. Nd2 Rae8 17. Ne4 Bg4 18. Qg2 Qxg2+ 19. Kxg2 f5 20. h3 Bh5 21. g4
fxg4 22. hxg4 Bxg4 23. a4 Bb8 24. axb5 axb5 25. Ra6 Bd7 26. Bd2 Re6 27. Re3
Rg6+ 28. Ng3 Rgf6 29. Ne4 Rg6+ 30. Ng3 Rgf6 31. Ne4 Rg6+ 1/2-1/2